Our world in art / (Record no. 9066)

MARC details
000 -LEADER
fixed length control field 01799cam a2200421 i 4500
001 - CONTROL NUMBER
control field 9066
003 - CONTROL NUMBER IDENTIFIER
control field FISKH
005 - DATE AND TIME OF LATEST TRANSACTION
control field 20251118142342.0
008 - FIXED-LENGTH DATA ELEMENTS--GENERAL INFORMATION
fixed length control field 210825s2011 enka j 000 0 eng
010 ## - LIBRARY OF CONGRESS CONTROL NUMBER
LC control number 2019302836
020 ## - INTERNATIONAL STANDARD BOOK NUMBER
International Standard Book Number 9780194645041
Qualifying information (pbk.)
020 ## - INTERNATIONAL STANDARD BOOK NUMBER
International Standard Book Number 0194645045
Qualifying information (pbk.)
020 ## - INTERNATIONAL STANDARD BOOK NUMBER
Canceled/invalid ISBN 9780194022286
020 ## - INTERNATIONAL STANDARD BOOK NUMBER
Canceled/invalid ISBN 9780194645041
020 ## - INTERNATIONAL STANDARD BOOK NUMBER
Canceled/invalid ISBN 0194022285
020 ## - INTERNATIONAL STANDARD BOOK NUMBER
Canceled/invalid ISBN 9780194645140
Qualifying information (Activity book)
020 ## - INTERNATIONAL STANDARD BOOK NUMBER
Canceled/invalid ISBN 0194645142
Qualifying information (Activity book)
035 ## - SYSTEM CONTROL NUMBER
System control number 22190980
040 ## - CATALOGING SOURCE
Original cataloging agency DLC
Language of cataloging eng
Description conventions rda
Transcribing agency DLC
050 00 - LIBRARY OF CONGRESS CALL NUMBER
Classification number N7440
Item number .N673 2011
082 ## - DEWEY DECIMAL CLASSIFICATION NUMBER
Classification number 428.75
100 1# - MAIN ENTRY--PERSONAL NAME
Personal name Northcott, Richard,
Relator term author.
245 10 - TITLE STATEMENT
Title Our world in art /
Statement of responsibility, etc. Richard Northcott.
260 ## - PUBLICATION, DISTRIBUTION, ETC.
Place of publication, distribution, etc. New York :
Name of publisher, distributor, etc. Oxford University Press,
Date of publication, distribution, etc. 2011.
300 ## - PHYSICAL DESCRIPTION
Extent 56 pages :
Other physical details color illustrations ;
Dimensions 21 cm.
490 0# - SERIES STATEMENT
Series statement Oxford read and discover.
Volume/sequential designation Discover! 5
505 ## - FORMATTED CONTENTS NOTE
Formatted contents note R<br/>
520 ## - SUMMARY, ETC.
Summary, etc. This exciting new series of non-fiction readers provides interesting and educational content, with activities and project work. The readers are graded at four levels, from 3 to 6, suitable for students from age 8 and older. They can support Content and Language Integrated Learning (CLIL), andcover a broad range of topics, within three curriculum areas:The World of Science and TechnologyThe Natural WorldThe World of Arts and Social StudiesAlso available for each reader:Activity BookAudio CD Pack
521 8# - TARGET AUDIENCE NOTE
Target audience note 670<br/>
Source Lexile<br/>
521 8# - TARGET AUDIENCE NOTE
Target audience note R<br/>
Source Raz-Plus<br/>
650 #0 - SUBJECT ADDED ENTRY--TOPICAL TERM
Topical term or geographic name entry element Art
Form subdivision Juvenile literature.
650 #0 - SUBJECT ADDED ENTRY--TOPICAL TERM
Topical term or geographic name entry element English language
Form subdivision Problems, exercises, etc.
-- Juvenile literature.
650 #0 - SUBJECT ADDED ENTRY--TOPICAL TERM
Topical term or geographic name entry element Readers (Elementary)
655 #7 - INDEX TERM--GENRE/FORM
Genre/form data or focus term Literature.
Source of term lcgft
Authority record control number or standard number https://id.loc.gov/authorities/genreForms/gf2014026415
906 ## - LOCAL DATA ELEMENT F, LDF (RLIN)
a 7
b cbc
c origres
d 2
e ncip
f 20
g y-gencatlg
942 ## - ADDED ENTRY ELEMENTS (KOHA)
Source of classification or shelving scheme Dewey Decimal Classification
Koha item type Books
Suppress in OPAC No
Holdings
Withdrawn status Lost status Source of classification or shelving scheme Damaged status Not for loan Collection Home library Current library Shelving location Date acquired Total Checkouts Full call number Barcode Date last seen Copy number Price effective from Koha item type
    Dewey Decimal Classification     Non-Fiction Footprints International School Library Network Toul Tom Poung Campus Footprints International School Library Network Toul Tom Poung Campus TTP Primary Orange Bookshelves 11/18/2025   NOR 428.75 FIS01408 11/18/2025 1 11/18/2025 Books
    Dewey Decimal Classification     Non-Fiction Footprints International School Library Network Toul Tom Poung Campus Footprints International School Library Network Toul Tom Poung Campus TTP Primary Orange Bookshelves 11/18/2025   NOR 428.75 2025-4814 11/18/2025 2 11/18/2025 Books